[Event "AUTO-ADV-2171"]
[Site "http://www.queenalice.com/game.php?id=942550"]
[Date "2011.5.26"]
[Round "1"]
[White "holandes"]
[Black "SuperTony2000"]
[Result "0-1"]
[WhiteElo "1834"]
[BlackElo "1932"]

1. d4 Nf6 2. c4 e5 3. Bg5 Bb4+ 4. Bd2 Bxd2+ 5. Qxd2 exd4 6. Qxd4 O-O 7. Nf3 Nc6
8. Qd2 Ne4 9. Qc2 Re8 10. e3 d6 11. a3 Bg4 12. Bd3 Bxf3 13. gxf3 Ng5 14. f4 Nf3+
15. Ke2 Ncd4+ 0-1

[Event "AUTO-ADV-2171"]
[Site "http://www.queenalice.com/game.php?id=942551"]
[Date "2011.5.26"]
[Round "1"]
[White "SuperTony2000"]
[Black "holandes"]
[Result "0-1"]
[WhiteElo "1997"]
[BlackElo "1802"]

1. e4 c5 2. Nc3 e6 3. Nf3 a6 4. Be2 Nc6 5. O-O d6 6. d4 cxd4 7. Nxd4 Nf6 8. Bg5
Be7 9. a4 Qa5 10. Nxc6 bxc6 11. Bxf6 gxf6 12. Bf3 Rb8 13. Rb1 Rg8 14. e5 fxe5
15. Bxc6+ Bd7 16. Bxd7+ Kxd7 17. b3 Qxc3 0-1

[Event "AUTO-ADV-2171"]
[Site "http://www.queenalice.com/game.php?id=942564"]
[Date "2011.5.26"]
[Round "1"]
[White "talisman77"]
[Black "SuperTony2000"]
[Result "0-1"]
[WhiteElo "1671"]
[BlackElo "1952"]

1. d4 Nf6 2. c4 e5 3. dxe5 Ng4 4. Nf3 Nc6 5. e3 Ngxe5 6. Nxe5 Nxe5 7. Nc3 Bb4 8.
Bd2 O-O 9. Be2 d6 10. O-O Be6 11. a3 Bxc3 12. Bxc3 Nxc4 13. Bxc4 Bxc4 14. Re1
Bb5 15. b3 Qg5 16. Bd2 Bc6 17. e4 Qg6 18. Re3 Bxe4 19. f3 Bc6 20. Re7 Rac8 21.
Bc3 Rfe8 22. Rxe8+ Rxe8 23. Ra2 Re3 24. Rf2 Rxc3 25. Qd4 Rxf3 26. Rxf3 Bxf3 27.
Qf2 Qb1+ 28. Qf1 Qxf1+ 29. Kxf1 Bd5 30. b4 f5 31. Kf2 Kf7 32. g3 Ke6 33. Ke3 Ke5
34. h4 g6 0-1

[Event "AUTO-ADV-2171"]
[Site "http://www.queenalice.com/game.php?id=942565"]
[Date "2011.5.26"]
[Round "1"]
[White "SuperTony2000"]
[Black "talisman77"]
[Result "1-0"]
[WhiteElo "1980"]
[BlackElo "1673"]

1. Nf3 c5 2. Nc3 Nf6 3. e4 Nc6 4. e5 Ng8 5. Bb5 d6 6. d4 Bg4 7. d5 a6 8. Be2
dxe5 9. dxc6 bxc6 10. Qxd8+ Rxd8 11. Nxe5 Bxe2 12. Kxe2 Rd6 13. Nc4 Re6+ 14. Be3
Nf6 15. Rad1 g6 16. Kf3 h5 17. h3 Bh6 18. Bxc5 Kf8 19. Rhe1 g5 20. Rxe6 fxe6 21.
Rd8+ Ne8 22. Ne5 Rg8 23. g4 hxg4+ 24. hxg4 Kg7 25. Bxe7 Kh8 26. Ne4 Bg7 27. Nxc6
Bxb2 28. Nf6 Bxf6 29. Bxf6+ Nxf6 30. Rxg8+ Kxg8 31. Nb4 a5 32. Nc6 a4 33. Nd4
Kf7 34. Nb5 Nd5 35. Ke4 Kf6 36. a3 Nb6 37. Kd4 Nd7 38. Nc3 Nb6 39. Ne4+ Kg6 40.
f3 e5+ 41. Kc5 Nd7+ 42. Kb5 Kf7 43. Nxg5+ Kf6 44. Ne4+ Ke6 45. Kxa4 Kd5 46. Kb5
1-0

[Event "AUTO-ADV-2171"]
[Site "http://www.queenalice.com/game.php?id=942574"]
[Date "2011.5.26"]
[Round "1"]
[White "SuperTony2000"]
[Black "anax"]
[Result "1-0"]
[WhiteElo "1950"]
[BlackElo "1688"]

1. Nf3 d5 2. c4 c6 3. d4 e6 4. Nc3 h6 5. e4 Nf6 6. e5 Nfd7 7. Bd3 a6 8. O-O Be7
9. cxd5 exd5 10. Qc2 Nb6 11. Ne1 c5 12. dxc5 Bxc5 13. Ne2 Be7 14. f4 N8d7 15.
Nd4 Bc5 16. Nf3 Qc7 17. Kh1 Nf8 18. b4 Nbd7 19. bxc5 Nxc5 20. Ba3 b6 21. Rac1
Nfe6 22. Nxe6 Bxe6 23. Bxc5 bxc5 24. Qxc5 Qb7 25. Qc6+ Qxc6 26. Rxc6 a5 27. f5
Bc8 28. Rfc1 O-O 29. e6 fxe6 30. fxe6 Bb7 31. Rc7 Ba6 32. e7 Rfb8 33. Bg6 Bb5
34. Nd4 Ba4 35. Nc6 Bxc6 36. R1xc6 d4 37. e8=Q+ Rxe8 38. Bxe8 Rxe8 39. Rc8 Rxc8
40. Rxc8+ Kf7 41. Rd8 1-0

[Event "AUTO-ADV-2171"]
[Site "http://www.queenalice.com/game.php?id=942575"]
[Date "2011.5.26"]
[Round "1"]
[White "anax"]
[Black "SuperTony2000"]
[Result "0-1"]
[WhiteElo "1694"]
[BlackElo "1944"]

1. d4 Nf6 2. e3 c5 3. c3 d5 4. Bb5+ Nc6 5. Bxc6+ bxc6 6. h3 Ba6 7. Nd2 e6 8.
Ngf3 cxd4 9. exd4 Bd6 10. Qa4 Bb5 11. Qc2 O-O 12. a4 Ba6 13. b3 Re8 14. c4 e5
15. O-O e4 16. Nh2 Re6 17. Qc3 Qc7 18. g3 e3 19. fxe3 Bxg3 20. Ndf3 Ne4 21. Qc2
Bxh2+ 22. Nxh2 Qg3+ 23. Qg2 Rg6 24. Qxg3 Rxg3+ 25. Kh1 Rxh3 26. Kg2 Rg3+ 27. Kh1
Rb8 28. Rf3 Rxb3 29. cxd5 cxd5 30. Rf5 Rd3 31. Nf1 Rd1 32. Bb2 Rxa1 33. Bxa1
Bxf1 34. Rxf1 Rxe3 35. Rc1 h5 36. Bb2 Re2 37. Ba1 h4 0-1

[Event "AUTO-ADV-2186"]
[Site "http://www.queenalice.com/game.php?id=947950"]
[Date "2011.6.9"]
[Round "1"]
[White "JD"]
[Black "SuperTony2000"]
[Result "0-1"]
[WhiteElo "1746"]
[BlackElo "1973"]

1. e4 c5 2. Bc4 Nc6 3. Qh5 g6 4. Qxc5 d6 5. Qd5 Be6 6. Qd3 Nf6 7. Nc3 Bg7 8. Bb5
O-O 9. Bxc6 bxc6 10. f4 d5 11. e5 Bf5 12. Qa6 Ne4 13. Qxc6 Nxc3 14. bxc3 Bxc2
15. Ba3 Be4 16. Nf3 Bh6 17. Qb7 Re8 18. O-O Bxf4 19. Nd4 Rb8 20. Qxa7 Ra8 21.
Qc5 Bxe5 22. Nc6 Bd6 23. Nxd8 Bxc5+ 24. Bxc5 Raxd8 25. Rfe1 Rb8 26. a4 Rb2 27.
Re2 e6 28. Rf2 Reb8 29. h3 Rb1+ 30. Rxb1 Rxb1+ 31. Kh2 Ra1 32. d4 Rxa4 33. g4
Rc4 34. Bb4 Rc7 35. h4 f5 36. gxf5 exf5 37. Kg3 Ra7 38. Kf4 Kf7 39. Ke5 Ra1 40.
Rh2 h6 41. h5 g5 42. Rb2 Ra6 43. Bc5 Re6# 0-1

[Event "AUTO-ADV-2186"]
[Site "http://www.queenalice.com/game.php?id=947951"]
[Date "2011.6.9"]
[Round "1"]
[White "SuperTony2000"]
[Black "JD"]
[Result "1-0"]
[WhiteElo "1957"]
[BlackElo "1773"]

1. e4 e5 2. Nf3 Qf6 3. Nc3 Bc5 4. Nd5 Qc6 5. Nxe5 Qd6 6. d4 Bb6 7. Bc4 f6 8.
Nxb6 fxe5 9. Nxa8 Qb4+ 10. Bd2 Qxc4 11. Qh5+ Kf8 12. Qxe5 d6 13. Qf4+ Ke8 14. e5
b5 15. exd6 cxd6 16. Qxd6 Na6 17. Qe5+ Qe6 18. Qxe6+ Bxe6 19. O-O Bd5 20. Rfe1+
Kd7 21. Re5 Nf6 22. Bg5 Be6 23. Rae1 Bc4 24. Re7+ Kd6 25. Rxa7 b4 26. Nb6 Bb5
27. a4 Nc7 28. axb5 Nxb5 29. Rxg7 Nd5 30. Nxd5 Kxd5 31. Rd7+ Kc6 32. Ree7 Ra8
33. d5+ Kc5 34. Be3+ Kc4 35. Re4+ Nd4 36. Rxd4+ Kb5 37. Rb7+ Ka6 38. Rdxb4 Ka5
39. Rb3 Ka6 40. R7b6+ Ka5 41. Ra3# 1-0

[Event "AUTO-ADV-2186"]
[Site "http://www.queenalice.com/game.php?id=947960"]
[Date "2011.6.9"]
[Round "1"]
[White "SuperTony2000"]
[Black "gipmachado"]
[Result "1-0"]
[WhiteElo "1970"]
[BlackElo "1517"]

1. e4 c5 2. Nc3 Nc6 3. Bc4 a6 4. a3 b5 5. Ba2 g6 6. f4 Bg7 7. Nf3 d6 8. O-O Bg4
9. Bxf7+ Kxf7 10. Ng5+ Ke8 11. Qxg4 Nf6 12. Qe6 Rf8 13. Nd5 Nxd5 14. Qxd5 Qd7
15. Ne6 Rf7 16. Ng5 e6 17. Qxe6+ 1-0

[Event "AUTO-ADV-2186"]
[Site "http://www.queenalice.com/game.php?id=947961"]
[Date "2011.6.9"]
[Round "1"]
[White "gipmachado"]
[Black "SuperTony2000"]
[Result "0-1"]
[WhiteElo "1515"]
[BlackElo "1972"]

1. e4 c5 2. Nf3 e6 3. d4 d5 4. Nc3 Nf6 5. Bg5 Be7 6. e5 Nfd7 7. Bxe7 Qxe7 8. Bb5
O-O 9. O-O Nc6 10. Bxc6 bxc6 11. Qe2 cxd4 12. Nxd4 Qc5 13. Nb3 Qb6 14. Kh1 Ba6
15. Na4 Bxe2 16. Rfe1 Qxf2 0-1

[Event "AUTO-MASTER-1428"]
[Site "http://www.queenalice.com/game.php?id=948982"]
[Date "2011.6.12"]
[Round "1"]
[White "jjrphd"]
[Black "SuperTony2000"]
[Result "1-0"]
[WhiteElo "2131"]
[BlackElo "1956"]

1. Nc3 e5 2. Nf3 Nc6 3. e4 f5 4. d4 exd4 5. Nxd4 Nf6 6. Nxf5 d6 7. Nd4 Be7 8.
Nxc6 bxc6 9. Bc4 Nxe4 10. Nxe4 d5 11. Qh5+ g6 12. Qe5 O-O 13. Bh6 Bf6 14. Nxf6+
Rxf6 15. O-O-O 1-0

[Event "AUTO-MASTER-1428"]
[Site "http://www.queenalice.com/game.php?id=948983"]
[Date "2011.6.12"]
[Round "1"]
[White "SuperTony2000"]
[Black "jjrphd"]
[Result "0-1"]
[WhiteElo "1947"]
[BlackElo "2138"]

1. e4 e5 2. Nf3 Nf6 3. Nxe5 d6 4. Nxf7 Kxf7 5. d4 Nxe4 6. Qf3+ Nf6 7. Nc3 Qe8+
8. Be3 Qe6 9. b3 c6 10. O-O-O Qg4 11. d5 Qxf3 12. gxf3 Nbd7 13. Bc4 Ne5 14. Be2
Nxd5 15. Nxd5 cxd5 16. Rxd5 Be7 17. f4 Nc6 18. f5 Rd8 19. Bc4 Kf8 20. Bd2 Ne5
21. Bd3 Nxd3+ 22. cxd3 Bd7 23. Bc3 Bc6 0-1

[Event "AUTO-MASTER-1428"]
[Site "http://www.queenalice.com/game.php?id=948992"]
[Date "2011.6.12"]
[Round "1"]
[White "Korchnoico"]
[Black "SuperTony2000"]
[Result "0-1"]
[WhiteElo "1833"]
[BlackElo "1984"]

1. d4 Nf6 2. e3 c5 3. Nf3 Nc6 4. Be2 g6 5. O-O Bg7 6. c3 cxd4 7. cxd4 O-O 8. Nc3
d6 9. b3 Bf5 10. Bd3 Bxd3 11. Qxd3 Rc8 12. Bb2 Nb4 13. Qe2 Nbd5 14. Qd3 Nb4 15.
Qe2 Nfd5 16. Nxd5 Nxd5 17. Rfc1 Qd7 18. e4 Nf4 19. Qd2 Qg4 20. g3 Qxf3 21. Qxf4
Qxf4 22. gxf4 Bh6 23. Rd1 Rc2 24. Ba3 Bxf4 25. Kg2 Rfc8 26. Kf3 Bh6 27. Rd3 Bg7
28. Rad1 Rxa2 29. Bb4 Rcc2 30. Rc3 Rxf2+ 31. Kg3 Rfc2 32. Rxc2 Rxc2 33. e5 dxe5
34. dxe5 Bxe5+ 35. Kf3 Rc7 36. Rd8+ Kg7 37. Re8 Bd6 38. Bc3+ Rxc3+ 0-1

[Event "AUTO-MASTER-1428"]
[Site "http://www.queenalice.com/game.php?id=948993"]
[Date "2011.6.12"]
[Round "1"]
[White "SuperTony2000"]
[Black "Korchnoico"]
[Result "1-0"]
[WhiteElo "1939"]
[BlackElo "1865"]

1. e4 e6 2. d4 c5 3. Nf3 cxd4 4. Nxd4 Nc6 5. Bb5 e5 6. Nb3 Nf6 7. O-O a6 8. Bxc6
bxc6 9. N1d2 d5 10. exd5 cxd5 11. Re1 Bd6 12. Nf3 e4 13. Nfd4 O-O 14. Bg5 Be7
15. Nc6 Qd6 16. Nxe7+ Qxe7 17. Bxf6 Qxf6 18. Qxd5 Bf5 19. Nc5 Rfd8 20. Qb3 Rdb8
21. Qg3 Rxb2 22. Nxe4 Bxe4 23. Rxe4 Rb3 24. Rae1 g6 25. axb3 1-0

[Event "QA-ANNIV-07"]
[Site "http://www.queenalice.com/game.php?id=950717"]
[Date "2011.6.16"]
[Round "1"]
[White "SuperTony2000"]
[Black "cavaleiro_cambraia"]
[Result "1-0"]
[WhiteElo "1974"]
[BlackElo "2143"]

1. e4 c5 2. Nc3 Nc6 3. Bc4 a6 4. a3 b5 5. Ba2 Bb7 6. f4 e6 7. Nf3 Nge7 8. d3 g6
9. O-O Bg7 10. Qe1 d6 11. Qh4 Qd7 12. f5 exf5 13. Bh6 Bxh6 14. Qxh6 O-O-O 15.
Ng5 Ne5 16. Bxf7 Rdf8 17. Be6 1-0